| 000 | 00621cam a2200229ua 4500 | ||
|---|---|---|---|
| 001 | 1973 | ||
| 005 | 20260515113429.0 | ||
| 008 | 110811n ii |||gr||||Z||||||eng | ||
| 020 | _a81-207-0367-6 | ||
| 040 | _cMAIN | ||
| 082 | _a371.33 | ||
| 100 |
_aSampath, K., _eAuthor. |
||
| 245 | 1 |
_aIntroduction to educational technology _cby K. Sampath |
|
| 250 | _a4th. | ||
| 260 |
_aNew Delhi: _bSterling publishers, _c2001. |
||
| 300 |
_a367p: _c23cm. |
||
| 653 | _aEducation | ||
| 653 | _aIntroduction to educational technology | ||
| 700 |
_aPanneerselvam, A., _eAuthor. |
||
| 700 |
_aSanthanam, S, _eAuthor. |
||
| 942 | _cBK | ||
| 999 |
_c1845 _d1845 |
||